000 00664nam a22002177a 4500
003 UA-OsUOA
001 100437
007 ta
008 20130528b un ||||| |||| 00| 0 ukr d
100 _aНікішина Н.
090 _a82
_bН71
942 _cSA
040 _aUA-OsUOA
_bukr
_cUA-OsUOA
_dUA-OsUOA
245 _aЛітературне краєзнавство в системі шкільної освіти
300 _aС.22-34
955 _a0
041 _aukr
080 _a82
773 0 _w100436
_tУкраїнська мова та література
_dК.
_d2013
_g9
650 7 _a82 Література. Літературознавство
_2UDC
999 _c387062
_d387062